[Event "TATA 14th IBCA Olympiad"]
[Site "Chennai IND"]
[Date "2012.08.10"]
[Round "1.1"]
[White "Bindzus, Ernst"]
[Black "Mlacnik, Franc"]
[Result "0-1"]
[WhiteElo "1910"]
[BlackElo "2124"]
[WhiteTeam "Denmark"]
[BlackTeam "Slovenia"]
[WhiteFideId "1411950"]
[BlackFideId "14601923"]
[EventDate "2012.08.10"]
[EventType "team"]

1. e4 d6 2. d4 Nf6 3. Nc3 g6 4. f3 Bg7 5. Be3 c6 6. Qd2 b5 7. g4 Nbd7 8. h4 h5
9. g5 Nh7 10. f4 Nb6 11. Nf3 Bg4 12. Qf2 Rb8 13. b3 b4 14. Ne2 O-O 15. Bg2 f5
16. e5 Nd5 17. O-O Re8 18. Rfd1 Nf8 19. Rd3 Ne6 20. c4 bxc3 21. Nxc3 Nexf4 22.
Bxf4 Nxf4 23. Re3 Bxf3 24. Qxf3 dxe5 25. dxe5 Nxg2 26. Kxg2 Qd4 27. Rd1 Qxh4 28.
Qxc6 f4 29. Qe6+ Kh7 30. Rh3 Qxg5+ 31. Kh1 Qxe5 32. Qxe5 Bxe5 33. Ne4 Kh6 34.
Rd5 Bf6 35. Ra5 Rb7 36. Ra6 Kg7 37. Nc5 Rb6 38. Rxa7 Rc8 39. Nd3 Rd6 40. Nf2 Rc2
41. Rf3 Rdd2 42. Kg2 Bh4 0-1

[Event "TATA 14th IBCA Olympiad"]
[Site "Chennai IND"]
[Date "2012.08.10"]
[Round "1.2"]
[White "Muri, Emil"]
[Black "Nielsen, Henning"]
[Result "1/2-1/2"]
[WhiteElo "2018"]
[BlackElo "1871"]
[WhiteTeam "Slovenia"]
[BlackTeam "Denmark"]
[WhiteFideId "14601354"]
[BlackFideId "1435019"]
[EventDate "2012.08.10"]
[EventType "team"]

1. e4 e5 2. Nf3 Nc6 3. Bb5 d6 4. d4 exd4 5. Qxd4 Bd7 6. Bxc6 bxc6 7. Nc3 Qf6 8.
O-O Qxd4 9. Nxd4 Ne7 10. Be3 g6 11. Rad1 Bg7 12. Bg5 Rb8 13. b3 h6 14. Be3 O-O
15. Rfe1 f5 16. f3 f4 17. Bf2 c5 18. Nde2 Bc6 19. Rd3 g5 20. Red1 a6 21. Kf1 Ng6
22. Nd5 Bxd5 23. Rxd5 Ne5 24. h3 Nc6 25. c3 a5 26. Be1 a4 27. bxa4 Ra8 28. Rb1
Rxa4 29. Rb7 Rf7 30. Rd2 Ne5 31. Rc2 Nc4 32. Kf2 c6 33. Rxf7 Kxf7 34. Bd2 Ke6
35. Bc1 d5 36. exd5+ cxd5 37. g3 fxg3+ 38. Nxg3 d4 39. cxd4 Bxd4+ 40. Ke2 Kd5
41. Ne4 Ra7 42. Kd3 Ne5+ 43. Ke2 Rf7 44. Nd2 c4 45. Bb2 Bxb2 46. Rxb2 Kd4 47.
Rc2 Rc7 48. Ne4 c3 49. a4 Nd3 50. Nd6 Nf4+ 51. Ke1 Rc5 52. Ne4 Rc4 53. a5 Nd3+
54. Ke2 Nb4 55. Rxc3 Rxc3 56. Nxc3 Kxc3 57. Kf2 Kd4 1/2-1/2

[Event "TATA 14th IBCA Olympiad"]
[Site "Chennai IND"]
[Date "2012.08.10"]
[Round "1.3"]
[White "Bremer, Erik"]
[Black "Znuderl, Matej"]
[Result "0-1"]
[WhiteElo "1547"]
[BlackElo "1986"]
[WhiteTeam "Denmark"]
[BlackTeam "Slovenia"]
[WhiteFideId "1411578"]
[BlackFideId "14604337"]
[EventDate "2012.08.10"]
[EventType "team"]

1. e4 e6 2. d4 d5 3. Nc3 Bb4 4. e5 c5 5. Nf3 Nc6 6. a3 Bxc3+ 7. bxc3 Qa5 8. Bd2
c4 9. Be2 Qa4 10. O-O Nge7 11. Ne1 O-O 12. f4 f6 13. Nf3 Bd7 14. Be3 Be8 15. Qd2
Bg6 16. Bd1 Be4 17. exf6 gxf6 18. Qf2 Rf7 19. Nh4 Rg7 20. g3 Kh8 21. Qd2 Rag8
22. Kf2 Nd8 23. Ke1 Nf7 24. Bf2 Nd6 25. Rg1 Nef5 26. Nf3 Nb5 27. Kf1 Nfd6 28.
Ne1 Bf5 29. Bf3 Nxa3 30. Qc1 Ndb5 31. Qb2 Qa5 32. Be3 Rc7 33. Bc1 Rc6 34. Rxa3
Qxa3 35. Qxa3 Nxa3 36. Bxa3 Ra6 37. Be7 Kg7 38. g4 0-1

[Event "TATA 14th IBCA Olympiad"]
[Site "Chennai IND"]
[Date "2012.08.10"]
[Round "1.4"]
[White "Cizman, Gregor"]
[Black "Hansen, Martin Mandrup"]
[Result "1-0"]
[WhiteElo "1784"]
[BlackElo "1518"]
[WhiteTeam "Slovenia"]
[BlackTeam "Denmark"]
[WhiteFideId "14605660"]
[BlackFideId "1441361"]
[EventDate "2012.08.10"]
[EventType "team"]

1. d4 Nf6 2. Nf3 e6 3. Bf4 d5 4. c3 c6 5. Nbd2 Nbd7 6. h3 Be7 7. e3 O-O 8. Bd3
a6 9. O-O b5 10. a3 c5 11. Re1 Nb6 12. Qc2 g6 13. Bg5 Nfd7 14. Bxe7 Qxe7 15. Qd1
e5 16. dxe5 Nxe5 17. Nxe5 Qxe5 18. Nf3 Qf6 19. Rc1 Bb7 20. b4 Rac8 21. Qe2 cxb4
22. cxb4 Rxc1 23. Rxc1 Rc8 24. Qd2 Nc4 25. Qa2 Rd8 26. Nd4 1-0

[Event "TATA 14th IBCA Olympiad"]
[Site "Chennai IND"]
[Date "2012.08.10"]
[Round "1.1"]
[White "Swapanil, Shah"]
[Black "Deville, Olivier"]
[Result "0-1"]
[WhiteElo "1884"]
[BlackElo "1976"]
[WhiteTeam "India - A"]
[BlackTeam "France"]
[WhiteFideId "5043484"]
[BlackFideId "624160"]
[EventDate "2012.08.10"]
[EventType "team"]

1. e4 c5 2. Nf3 d6 3. d4 cxd4 4. Nxd4 Nf6 5. Nc3 a6 6. Bc4 e6 7. Be3 b5 8. Bd3
Bb7 9. f3 Be7 10. O-O O-O 11. a3 Nbd7 12. Qe2 Rc8 13. Kh1 Nb6 14. Qf2 Nc4 15.
Bxc4 Rxc4 16. Nb3 Nd7 17. Rad1 Rc8 18. Rd2 Qc7 19. Bf4 Ne5 20. Bxe5 dxe5 21. Ne2
Bg5 22. f4 exf4 23. Nxf4 Bxe4 24. c3 e5 25. Nd5 Qc4 26. Nb6 Qxb3 27. Nxc8 Bxd2
28. Ne7+ Kh8 29. Qxd2 Qe6 30. Qe3 Bxg2+ 31. Kxg2 Qxe7 32. Rf5 f6 33. Qe4 g6 34.
Rf2 f5 35. Qc6 Qf6 36. Qc7 e4 37. Qf4 g5 38. Qe3 Re8 39. Rd2 f4 40. Qh3 f3+ 41.
Kf1 e3 42. Rd7 e2+ 0-1

[Event "TATA 14th IBCA Olympiad"]
[Site "Chennai IND"]
[Date "2012.08.10"]
[Round "1.2"]
[White "Belazzoug, Farid"]
[Black "Kishan, Gangolli"]
[Result "0-1"]
[WhiteElo "1698"]
[BlackElo "1972"]
[WhiteTeam "France"]
[BlackTeam "India - A"]
[WhiteFideId "20602103"]
[BlackFideId "5049350"]
[EventDate "2012.08.10"]
[EventType "team"]

1. d4 Nf6 2. Nf3 e6 3. c4 d5 4. Nc3 Be7 5. g3 O-O 6. Bg2 dxc4 7. Ne5 c5 8. dxc5
Bxc5 9. Qxd8 Rxd8 10. Nxc4 Nc6 11. O-O Nd5 12. Nxd5 exd5 13. Nd2 Nd4 14. Nf3
Nxe2+ 15. Kh1 Bb6 16. Rd1 Nxc1 17. Raxc1 Be6 18. Nd4 Bxd4 19. Rxd4 Rac8 20. Rxc8
Rxc8 21. a3 Rc1+ 0-1

[Event "TATA 14th IBCA Olympiad"]
[Site "Chennai IND"]
[Date "2012.08.10"]
[Round "1.3"]
[White "Darpan, Inani"]
[Black "Le Moy, Patrick"]
[Result "1-0"]
[WhiteElo "2015"]
[BlackElo "1633"]
[WhiteTeam "India - A"]
[BlackTeam "France"]
[WhiteFideId "5065992"]
[BlackFideId "680699"]
[EventDate "2012.08.10"]
[EventType "team"]

1. e4 c5 2. Nf3 d6 3. d4 cxd4 4. Nxd4 Nf6 5. Nc3 Bd7 6. Bg5 e6 7. f4 Nc6 8. Nf3
h6 9. Bh4 Be7 10. Qd2 a6 11. O-O-O Qc7 12. e5 dxe5 13. fxe5 Ng4 14. Bg3 Qa5 15.
Qxd7+ Kf8 16. Qxb7 Rb8 17. Qxc6 Ba3 18. bxa3 Qxa3+ 19. Kd2 Rd8+ 20. Ke2 1-0

[Event "TATA 14th IBCA Olympiad"]
[Site "Chennai IND"]
[Date "2012.08.10"]
[Round "1.4"]
[White "Peignien, Laurent"]
[Black "Makwana, Ashvin K"]
[Result "0-1"]
[WhiteElo "1511"]
[BlackElo "1919"]
[WhiteTeam "France"]
[BlackTeam "India - A"]
[WhiteFideId "20620705"]
[BlackFideId "5081912"]
[EventDate "2012.08.10"]
[EventType "team"]

1. e4 d6 2. d4 Nf6 3. Nc3 g6 4. f4 Bg7 5. Nf3 O-O 6. Bd3 c6 7. O-O Nbd7 8. Ne2
Qc7 9. c4 e5 10. fxe5 dxe5 11. d5 Nc5 12. Ng3 Qb6 13. Be3 Ng4 14. Qd2 Bh6 0-1

[Event "TATA 14th IBCA Olympiad"]
[Site "Chennai IND"]
[Date "2012.08.10"]
[Round "1.1"]
[White "Nizam, Rasim"]
[Black "Moradiyan, Meysam"]
[Result "1-0"]
[WhiteTitle "IM"]
[WhiteElo "2232"]
[BlackElo "1992"]
[WhiteTeam "Bulgaria"]
[BlackTeam "Iran"]
[WhiteFideId "2906708"]
[BlackFideId "12507725"]
[EventDate "2012.08.10"]
[EventType "team"]

1. e4 e5 2. Nf3 d6 3. d4 exd4 4. Nxd4 Nf6 5. Nc3 Be7 6. Bc4 c6 7. Bb3 Bg4 8. f3
Bd7 9. a4 a5 10. O-O Na6 11. Be3 Nc5 12. Bc4 Qc7 13. Qd2 O-O 14. b3 Rad8 15. Qf2
Bc8 16. Rad1 Rfe8 17. Rd2 b6 18. Rfd1 h6 19. g4 Bxg4 20. fxg4 d5 21. exd5 Nxg4
22. Qxf7+ Kxf7 23. d6+ Kg6 24. dxc7 Nxe3 25. cxd8=Q Bxd8 26. Rf1 Bf6 27. Bd3+
Nxd3 28. Rxf6+ gxf6 29. Rxd3 c5 30. Nde2 Nxc2 31. Rd6 Kg5 32. Rxb6 f5 33. Kf2 h5
34. Nd5 Re5 35. Ndf4 Ne3 36. Rg6+ Kh4 37. Ng2+ Nxg2 38. Rxg2 c4 39. Rg3 f4 40.
Nxf4 Rf5 41. Ke3 Rxf4 42. Kxf4 cxb3 43. Rg1 1-0

[Event "TATA 14th IBCA Olympiad"]
[Site "Chennai IND"]
[Date "2012.08.10"]
[Round "1.4"]
[White "Bagheri, Majjid"]
[Black "Kichukov, Milko"]
[Result "1-0"]
[WhiteElo "1958"]
[BlackElo "1821"]
[WhiteTeam "Iran"]
[BlackTeam "Bulgaria"]
[WhiteFideId "12524158"]
[BlackFideId "2917882"]
[EventDate "2012.08.10"]
[EventType "team"]

1. e4 e5 2. Bc4 Nc6 3. c3 Nf6 4. d3 d5 5. exd5 Nxd5 6. Nf3 Be7 7. O-O O-O 8. Re1
Bf6 9. Bb5 Nde7 10. Nbd2 a6 11. Bxc6 Nxc6 12. Ne4 Be7 13. Ng3 f6 14. b4 Bg4 15.
h3 Be6 16. Bb2 Qd7 17. Qe2 b5 18. a3 Rad8 19. Rad1 Bb3 20. Rd2 Bd5 21. Rdd1 Bd6
22. c4 Bf7 23. c5 Be7 24. d4 Bb3 25. Rd2 Bc4 26. Qe3 exd4 27. Nxd4 Ne5 28. f4
Ng6 29. Bc3 Qc8 30. Nc6 Rde8 31. Qd4 Bxc5 32. Qxc5 Rxe1+ 33. Kh2 Rfe8 34. f5 Nf4
35. Rc2 Nd3 36. Qd4 Qb7 37. Bxe1 Nxe1 38. Qd7 Rf8 39. Rd2 Nd3 40. Ne7+ Kh8 41.
Rxd3 Bxd3 42. Qxd3 c5 43. Qd6 Re8 44. Nd5 c4 45. Nc7 Rc8 46. Ne6 h6 47. Nc5 Qc6
48. Nge4 a5 49. Kg3 axb4 50. Qxc6 Rxc6 51. axb4 Kg8 52. Nc3 Rb6 53. Kf4 Kf7 54.
Ke4 h5 55. Kd5 Ke7 56. N5e4 g6 57. Kc5 Rb8 58. Nd5+ Kf7 59. Nd6+ Kg7 60. fxg6
Kxg6 61. Nxb5 Rc8+ 62. Kd4 Kg5 63. Nd6 Rb8 64. g3 f5 65. Kxc4 h4 66. Nf7+ Kh5
67. Nf4# 1-0

[Event "TATA 14th IBCA Olympiad"]
[Site "Chennai IND"]
[Date "2012.08.10"]
[Round "1.1"]
[White "Crouch, Colin S"]
[Black "Harnandan, Sergio"]
[Result "1-0"]
[WhiteTitle "IM"]
[WhiteElo "2373"]
[BlackElo "1982"]
[WhiteTeam "UK"]
[BlackTeam "Netherland"]
[WhiteFideId "400947"]
[BlackFideId "1029169"]
[EventDate "2012.08.10"]
[EventType "team"]

1. d4 Nf6 2. c4 g6 3. f3 d5 4. cxd5 Nxd5 5. e4 Nb6 6. a4 a5 7. Nc3 Bg7 8. Be3
O-O 9. Qd2 Nc6 10. Nb5 e5 11. d5 Nb8 12. Rc1 c6 13. dxc6 Qxd2+ 14. Kxd2 bxc6 15.
Nc7 Ra7 16. Bxb6 Rb7 17. Bxa5 Bh6+ 18. Kc2 Bxc1 19. Kxc1 Ra7 20. b4 Ba6 21. Nxa6
Nxa6 22. Bb6 Rb7 23. a5 Nxb4 24. Bc4 Ra8 25. Nh3 c5 26. Rd1 h6 27. Rd6 Kf8 28.
Nf2 Ke7 29. Rd2 Kf6 30. Ng4+ 1-0

[Event "TATA 14th IBCA Olympiad"]
[Site "Chennai IND"]
[Date "2012.08.10"]
[Round "1.3"]
[White "Lucas, Melvyn Andre"]
[Black "Daza, Fernando"]
[Result "0-1"]
[WhiteElo "1667"]
[BlackElo "1871"]
[WhiteTeam "South Africa"]
[BlackTeam "Columbia"]
[WhiteFideId "14304660"]
[BlackFideId "4413610"]
[EventDate "2012.08.10"]
[EventType "team"]

1. d4 Nf6 2. Nf3 d5 3. Bf4 e6 4. Nbd2 c5 5. e3 Nc6 6. c3 c4 7. h3 b5 8. Qc2 Bb7
9. Ne5 Bd6 10. Ndf3 h6 11. Be2 a5 12. b3 Qc7 13. Rb1 Ne4 14. bxc4 bxc4 15. O-O
O-O 16. Rfc1 Ne7 17. Qb2 Rfb8 18. Qb6 Qxb6 19. Rxb6 Bc8 20. Rxd6 Nxd6 21. Ng4
Rb6 22. Bxd6 Rxd6 23. Rb1 Raa6 24. Nge5 Rab6 25. Ra1 f6 26. Ng4 Rb2 27. Bd1 Bd7
28. Ne1 Rdb6 29. Bc2 Nc8 30. Nh2 Nd6 31. Nf1 Bc6 32. Nd2 Nb5 33. Nb1 Kf8 34. Kf1
Be8 35. a4 Nd6 36. Ke2 Bg6 37. Na3 Bxc2 38. Nexc2 Ne4 39. f3 Nxc3+ 40. Kd2 Nb1+
41. Nxb1 Rxb1 42. Ra2 R6b2 43. Ra3 Rg1 44. Kc3 Rbb1 45. Ra2 Rb3+ 46. Kd2 Rxg2+
47. Kc1 c3 48. Na1 Rbb2 49. Rxb2 cxb2+ 0-1

[Event "TATA 14th IBCA Olympiad"]
[Site "Chennai IND"]
[Date "2012.08.11"]
[Round "2.1"]
[White "Dimic, Pavle"]
[Black "Meshkov, Yuri A."]
[Result "1/2-1/2"]
[WhiteTitle "FM"]
[BlackTitle "IM"]
[WhiteElo "2155"]
[BlackElo "2390"]
[WhiteTeam "Serbia"]
[BlackTeam "Russia"]
[WhiteFideId "937428"]
[BlackFideId "4107101"]
[EventDate "2012.08.10"]
[EventType "team"]

1. d4 Nf6 2. Nf3 e6 3. c4 Bb4+ 4. Bd2 c5 5. Bxb4 cxb4 6. Qd3 d6 7. e4 O-O 8. Be2
Nc6 9. O-O e5 10. Nbd2 b6 11. d5 Ne7 12. a3 Ng6 13. g3 Bh3 14. Rfc1 bxa3 15. b4
a5 16. bxa5 Rxa5 17. Rxa3 Nd7 18. Rxa5 bxa5 19. Qe3 h6 20. Ne1 f5 21. exf5 Rxf5
22. Bd3 a4 23. Bxf5 Bxf5 24. f3 Ngf8 25. Ne4 Bxe4 26. fxe4 Nc5 27. Nd3 Nxd3 28.
Qxd3 Nd7 29. Qe3 Qb8 30. Rf1 Qb4 31. Qf3 Nf6 32. Qd3 Qc5+ 33. Kg2 Ng4 34. Rf3
Qb6 35. Qd2 Nf6 36. Qd3 Qb2+ 37. Rf2 Qb4 38. Qc2 Nd7 39. Rf1 Qa5 40. Qf2 Nf6 41.
c5 dxc5 42. Qf5 Qd2+ 43. Kh3 Qe2 44. Rb1 Qxe4 45. Rb8+ Kf7 46. Rb7+ Kg8 47. Qxe4
Nxe4 48. Ra7 Kf8 49. Rxa4 Nf6 50. Rc4 Ke7 51. Rxc5 Kd6 52. Ra5 Nxd5 53. Kg4 Ne7
54. Kf3 Nc6 55. Ra1 Kd5 56. Rd1+ Nd4+ 57. Ke3 h5 58. Rd2 Ke6 59. Ke4 Nf5 60. Ra2
Nd6+ 1/2-1/2

[Event "TATA 14th IBCA Olympiad"]
[Site "Chennai IND"]
[Date "2012.08.11"]
[Round "2.2"]
[White "Pakhomov, Alexey"]
[Black "Jandric, Damjan"]
[Result "1/2-1/2"]
[WhiteTitle "IM"]
[BlackTitle "CM"]
[WhiteElo "2416"]
[BlackElo "2055"]
[WhiteTeam "Russia"]
[BlackTeam "Serbia"]
[WhiteFideId "4129016"]
[BlackFideId "921475"]
[EventDate "2012.08.10"]
[EventType "team"]

1. Nf3 Nf6 2. g3 g6 3. b3 Bg7 4. Bb2 O-O 5. Bg2 c5 6. c4 Nc6 7. O-O d5 8. cxd5
Nxd5 9. Bxg7 Kxg7 10. Qc1 b6 11. d4 Nxd4 12. Nxd4 cxd4 13. Qc4 Be6 14. Qxd4+ Nf6
15. Qb2 Rc8 16. Nd2 Qc7 17. Rac1 Qb8 18. Rfd1 Kg8 19. Nf3 Rxc1 20. Rxc1 Rc8 21.
Nd4 Rxc1+ 22. Qxc1 Bd5 23. Bxd5 Nxd5 24. Nc6 Qc7 25. Qc4 e6 26. e4 Ne7 27. Nxe7+
Qxe7 28. Kg2 Kg7 29. a4 Qd7 30. h4 h5 1/2-1/2

[Event "TATA 14th IBCA Olympiad"]
[Site "Chennai IND"]
[Date "2012.08.11"]
[Round "2.3"]
[White "Avram, Sretko"]
[Black "Krylov, Sergey"]
[Result "1/2-1/2"]
[WhiteTitle "FM"]
[BlackTitle "IM"]
[WhiteElo "2217"]
[BlackElo "2337"]
[WhiteTeam "Serbia"]
[BlackTeam "Russia"]
[WhiteFideId "925314"]
[BlackFideId "4108809"]
[EventDate "2012.08.10"]
[EventType "team"]

1. d4 Nf6 2. c4 e6 3. Nf3 b6 4. g3 Ba6 5. b3 Bb4+ 6. Bd2 Qe7 7. Nc3 d5 8. cxd5
exd5 9. e3 O-O 10. Bxa6 Nxa6 11. O-O c5 12. Qe2 Nc7 13. Rfd1 1/2-1/2

[Event "TATA 14th IBCA Olympiad"]
[Site "Chennai IND"]
[Date "2012.08.11"]
[Round "2.4"]
[White "Babarykin, Stanislav"]
[Black "Avram, Veso"]
[Result "1-0"]
[WhiteTitle "FM"]
[WhiteElo "2280"]
[BlackElo "2127"]
[WhiteTeam "Russia"]
[BlackTeam "Serbia"]
[WhiteFideId "4101898"]
[BlackFideId "925330"]
[EventDate "2012.08.10"]
[EventType "team"]

1. e4 c5 2. Nf3 e6 3. Nc3 d6 4. d4 cxd4 5. Nxd4 Nc6 6. Be3 Qc7 7. Qf3 Nf6 8. Be2
Be7 9. O-O-O O-O 10. g4 a6 11. Qg2 Nxd4 12. Rxd4 b5 13. g5 Nd7 14. f4 Bb7 15.
Rf1 Rac8 16. Bf3 e5 17. Nd5 Bxd5 18. Rxd5 exf4 19. Bxf4 Ne5 20. Kb1 f6 21. Bxe5
fxe5 22. g6 hxg6 23. Rdd1 Rf6 24. Bg4 Rcf8 25. Rxf6 Rxf6 26. Qh3 Kf7 27. Bc8 Qc6
28. Re1 Bd8 29. Bd7 Qb7 30. Bc8 Qc6 31. Bd7 Qb7 32. a3 Ba5 33. Rd1 Qxe4 34. Qh8
Rf2 35. Qe8+ Kf6 36. Qf8+ 1-0

[Event "TATA 14th IBCA Olympiad"]
[Site "Chennai IND"]
[Date "2012.08.11"]
[Round "2.1"]
[White "Dukaczewski, Piotr"]
[Black "Pribeanu, Mihail-Dacian"]
[Result "1-0"]
[WhiteTitle "IM"]
[BlackTitle "FM"]
[WhiteElo "2228"]
[BlackElo "2176"]
[WhiteTeam "Poland"]
[BlackTeam "Romania"]
[WhiteFideId "1103520"]
[BlackFideId "1209094"]
[EventDate "2012.08.10"]
[EventType "team"]

1. e4 d6 2. d4 g6 3. Nc3 Bg7 4. f4 a6 5. a4 Nf6 6. Nf3 O-O 7. Bd3 Nc6 8. e5 Ng4
9. h3 Nh6 10. g4 f5 11. g5 Nf7 12. Be3 e6 13. h4 b6 14. h5 Re8 15. hxg6 hxg6 16.
Qe2 Nb4 17. Qh2 Nxd3+ 18. cxd3 Nh8 19. d5 Qe7 20. O-O-O Bb7 21. Bd4 dxe5 22.
Qh7+ Kf8 23. Qxh8+ Bxh8 24. Rxh8+ Kg7 25. Bxe5+ Kf7 26. Rh7+ Kg8 27. Rh6 Kf7 28.
Bf6 1-0

[Event "TATA 14th IBCA Olympiad"]
[Site "Chennai IND"]
[Date "2012.08.11"]
[Round "2.2"]
[White "Pirosca, Alexandru"]
[Black "Stachanczyk, Jacek"]
[Result "0-1"]
[WhiteElo "2015"]
[BlackElo "2256"]
[WhiteTeam "Romania"]
[BlackTeam "Poland"]
[WhiteFideId "1211110"]
[BlackFideId "1116657"]
[EventDate "2012.08.10"]
[EventType "team"]

1. e4 c5 2. Nf3 Nc6 3. d4 cxd4 4. Nxd4 Nf6 5. Nc3 d6 6. Be3 e5 7. Nf3 h6 8. Bc4
Be6 9. Bb3 Be7 10. h3 b5 11. Bd5 Rc8 12. O-O b4 13. Bxc6+ Rxc6 14. Nd5 Bxd5 15.
exd5 Ra6 16. a3 bxa3 17. c4 Qc7 18. Qe2 O-O 19. bxa3 Ra4 20. Rfc1 Rc8 21. Nd2
Nh7 22. Qd3 Bg5 23. Bxg5 Nxg5 24. Rab1 Nh7 25. Rb3 Nf6 26. Rcb1 Qa5 27. Qf5 Re8
28. Ne4 Nxe4 29. Qxe4 g6 30. Qh4 Kg7 31. Rf3 Qc7 32. Qf6+ Kg8 33. Rb4 Ra6 34. a4
Qe7 35. Qxe7 Rxe7 36. g4 Kg7 37. Kf1 Rc7 38. Ke2 Ra5 39. Rfb3 Rac5 40. Kd3 a5
41. Rb5 Rxc4 42. Rxa5 Rd4+ 43. Ke3 f5 44. gxf5 gxf5 45. Rd3 Rcc4 46. Ra3 Kf6 47.
Kf3 h5 48. Kg3 h4+ 49. Kf3 Rc2 50. Ra8 Rf4+ 0-1

[Event "TATA 14th IBCA Olympiad"]
[Site "Chennai IND"]
[Date "2012.08.11"]
[Round "2.3"]
[White "Gunajew, Rafal"]
[Black "Nistor, Mihai"]
[Result "1-0"]
[WhiteTitle "FM"]
[WhiteElo "2260"]
[BlackElo "1925"]
[WhiteTeam "Poland"]
[BlackTeam "Romania"]
[WhiteFideId "1116037"]
[BlackFideId "1215701"]
[EventDate "2012.08.10"]
[EventType "team"]

1. e4 c5 2. Nf3 g6 3. c3 Bg7 4. d4 cxd4 5. cxd4 d5 6. e5 Nc6 7. Nc3 a6 8. Be2
Bg4 9. Be3 Bxf3 10. Bxf3 e6 11. O-O Nge7 12. Qd2 Nf5 13. Bg4 Nxe3 14. fxe3 O-O
15. Rf3 Rc8 16. Raf1 b5 17. Qf2 Qe7 18. Nxd5 exd5 19. Bxc8 Rxc8 20. Rxf7 Qe6 21.
Rb7 Rf8 22. Rxg7+ 1-0

[Event "TATA 14th IBCA Olympiad"]
[Site "Chennai IND"]
[Date "2012.08.11"]
[Round "2.4"]
[White "Dima, Mihai"]
[Black "Mackowiak, Marek"]
[Result "0-1"]
[WhiteElo "1944"]
[BlackElo "2165"]
[WhiteTeam "Romania"]
[BlackTeam "Poland"]
[WhiteFideId "1217399"]
[BlackFideId "1103326"]
[EventDate "2012.08.10"]
[EventType "team"]

1. e4 g6 2. d4 Bg7 3. Nc3 d6 4. Be3 Nf6 5. f3 c6 6. Qd2 Qa5 7. Bh6 Bxh6 8. Qxh6
Qb4 9. O-O-O Nbd7 10. g4 Qa5 11. Nh3 b5 12. Kb1 b4 13. Ne2 Ba6 14. Nc1 Bxf1 15.
Rhxf1 O-O-O 16. Nb3 Qb5 17. Qg5 Qxg5 18. Nxg5 Rdf8 19. c3 bxc3 20. bxc3 Kc7 21.
Kc2 h6 22. Nh3 Rb8 23. Rb1 Rb5 24. Nd2 Ra5 25. Rb2 Nb6 26. Rfb1 Nfd7 27. Nf2 Ra3
28. Ra1 c5 29. Rb3 Ra4 30. dxc5 Nxc5 31. Rb4 Rc8 32. Nb3 Nxb3 33. Kxb3 Ra5 34.
Nd3 h5 35. h3 Rh8 36. a4 hxg4 37. hxg4 Rh3 38. Rf1 Kc6 39. Rd4 Nd7 40. Nb4+ Kc7
41. Nd5+ Kd8 42. Kb4 Rc5 43. Nf4 Rh2 44. Nd3 Rc7 45. Kb3 a5 46. e5 Rb7+ 47. Ka3
Rc2 48. exd6 Rxc3+ 49. Ka2 exd6 50. Rxd6 Rc4 51. Nb2 Rc2 52. Rb1 Ke7 53. Rd5 Nc5
54. Ka3 Rb4 55. Re5+ Kf6 56. Re3 Nxa4 57. g5+ Kg7 58. Rb3 Rxb3+ 59. Kxb3 Rxb2+
60. Rxb2 Nxb2 61. Kxb2 f6 62. f4 Kf7 63. Ka3 fxg5 64. fxg5 Ke6 65. Ka4 Kf5 66.
Kxa5 Kxg5 0-1

[Event "TATA 14th IBCA Olympiad"]
[Site "Chennai IND"]
[Date "2012.08.11"]
[Round "2.1"]
[White "Mlacnik, Franc"]
[Black "Desanjose Candalija, Eduardo"]
[Result "1/2-1/2"]
[BlackTitle "FM"]
[WhiteElo "2124"]
[BlackElo "2238"]
[WhiteTeam "Slovenia"]
[BlackTeam "Spain"]
[WhiteFideId "14601923"]
[BlackFideId "2256827"]
[EventDate "2012.08.10"]
[EventType "team"]

1. e4 e5 2. Nf3 Nc6 3. Bc4 Bc5 4. d3 Nf6 5. Nc3 h6 6. Be3 Bxe3 7. fxe3 d6 8. O-O
Be6 9. Bb3 d5 10. Ba4 O-O 11. Bxc6 bxc6 12. Nxe5 dxe4 13. dxe4 Qb8 14. Rb1 Qb6
15. Qe1 Rae8 16. Qg3 Nh5 17. Qf3 Nf6 18. Nd3 Bd7 19. Na4 Qb5 20. Nac5 Bc8 21. h3
Qc4 22. e5 Nd7 23. Nxd7 Bxd7 24. Qf2 Be6 25. b3 Qc3 26. Qe1 Qxc2 27. Nb4 Qe4 28.
Qc3 a5 29. Nd3 Qxe3+ 30. Kh2 Rd8 31. Rbd1 Bd5 32. Rde1 Qg5 33. Nf4 Qe7 34. Qg3
Qg5 35. Qc3 Rfe8 36. Nxd5 Rxd5 37. Qxc6 Rexe5 38. Qxc7 Rd2 39. Qxf7+ Kh7 40. Qf3
Rxe1 41. Rxe1 Rxa2 42. Qe4+ Qg6 43. Qxg6+ Kxg6 44. Re6+ Kf7 45. Ra6 1/2-1/2

[Event "TATA 14th IBCA Olympiad"]
[Site "Chennai IND"]
[Date "2012.08.11"]
[Round "2.2"]
[White "Palacios Perez, Manuel"]
[Black "Muri, Emil"]
[Result "1-0"]
[WhiteElo "2166"]
[BlackElo "2018"]
[WhiteTeam "Spain"]
[BlackTeam "Slovenia"]
[WhiteFideId "2205505"]
[BlackFideId "14601354"]
[EventDate "2012.08.10"]
[EventType "team"]

1. d4 d6 2. Nf3 Nf6 3. c4 g6 4. Nc3 Bg7 5. Bf4 O-O 6. e3 Nbd7 7. h3 Re8 8. Be2
e5 9. dxe5 dxe5 10. Nxe5 Nh5 11. Bxh5 Nxe5 12. Qxd8 Rxd8 13. Be2 Be6 14. Bxe5
Bxe5 15. Rd1 Bxc3+ 16. bxc3 Rxd1+ 17. Kxd1 b6 18. Kc1 Rd8 19. Rd1 Rb8 20. Kc2
Kf8 21. Rd4 Ke7 22. c5 b5 23. a3 a5 24. Bf3 h6 25. Bc6 h5 26. Kd2 Bf5 27. e4 Be6
28. Ke3 Kf6 29. f4 Ke7 30. Kf3 Kf6 31. g4 hxg4+ 32. hxg4 Ke7 33. f5 gxf5 34.
gxf5 Bc8 35. Kf4 f6 36. e5 fxe5+ 37. Kxe5 Bb7 38. Rd7+ Ke8 39. Rh7+ Bxc6 40.
Rh8+ 1-0

[Event "TATA 14th IBCA Olympiad"]
[Site "Chennai IND"]
[Date "2012.08.11"]
[Round "2.3"]
[White "Znuderl, Matej"]
[Black "Fernandez Manrique, Agustin"]
[Result "0-1"]
[WhiteElo "1986"]
[BlackElo "2170"]
[WhiteTeam "Slovenia"]
[BlackTeam "Spain"]
[WhiteFideId "14604337"]
[BlackFideId "2231000"]
[EventDate "2012.08.10"]
[EventType "team"]

1. c4 Nf6 2. g3 g6 3. Bg2 Bg7 4. Nf3 O-O 5. Nc3 d6 6. O-O e5 7. d3 h6 8. b3 Re8
9. Bb2 Nc6 10. Rc1 Be6 11. e4 Bg4 12. h3 Bxf3 13. Bxf3 h5 14. Nd5 Nd7 15. Bg2
Nc5 16. f4 Ne6 17. Rc2 Ncd4 18. Rcf2 exf4 19. gxf4 c6 20. Ne3 Bh6 21. Nc2 Nxc2
22. Qxc2 Qh4 23. f5 Nf4 24. Qc3 Re5 25. Kh2 gxf5 26. d4 Re6 27. exf5 Ne2 28. Qc2
Re3 29. Rxe2 Bf4+ 30. Rxf4 Qxf4+ 31. Kh1 Rae8 32. Rxe3 Rxe3 33. Bc3 Qg3 34. Bb4
b6 35. Bf1 Qf4 36. Qg2+ Rg3 37. Bd2 Rxg2 38. Bxf4 Rf2 39. Bxd6 Rxf1+ 40. Kg2
Rxf5 41. a4 Kg7 42. b4 a6 43. h4 Kf6 44. d5 cxd5 45. c5 b5 46. axb5 axb5 47. c6
Ke6 48. Bc5 Rf4 49. Kg3 Re4 0-1